000 00288nam a22001337a 4500
008 181205b xxu||||| |||| 00| 0 eng d
020 _a9780316792967
041 _aeng
080 _a616
100 _a8
101 _aSHM
245 _aManual Of Urology
_cSiroki.M.B
942 _2udc
_cBK
999 _c52907
_d52907